Development and decentralization : (Record no. 81089)

MARC details
000 -LEADER
fixed length control field 00639nam a22001937a 4500
005 - DATE AND TIME OF LATEST TRANSACTION
control field 20140901163915.0
010 ## - LCCN (DPL NO)
LC control number ENG-108750
020 ## - INTERNATIONAL STANDARD BOOK NUMBER
Terms of availability 125.00
International Standard Book Number 9788192397979
035 ## - SYSTEM CONTROL NUMBER
System control number EN-92283
037 ## - SOURCE OF ACQUISITION
Source of stock number/acquisition DBAD/PUB
082 ## - DEWEY DECIMAL CLASSIFICATION NUMBER
Classification number 320.8095414
245 ## - TITLE STATEMENT
Title Development and decentralization :
Statement of responsibility, etc edited by Debasis Mahapatra [and] Utpal Kumar Utthasani
Remainder of title the West Bengal experience /
260 ## - PUBLICATION, DISTRIBUTION, ETC. (IMPRINT)
Place of publication, distribution, etc Kolkata
Name of publisher, distributor, etc Progressive Publishers
Date of publication, distribution, etc 2013
270 ## - ADDRESS
Address 37A, College Street
City Kolkata
Postal code 73
300 ## - PHYSICAL DESCRIPTION
Extent 151p.
Dimensions 22cm(pbk)
700 ## - ADDED ENTRY--PERSONAL NAME
Personal name Mahapatra, Debasis
700 ## - ADDED ENTRY--PERSONAL NAME
Personal name Utthasani, Uptal Kumar
942 ## - ADDED ENTRY ELEMENTS (KOHA)
Source of classification or shelving scheme Dewey Decimal Classification
Item type English Books
Call number suffix DEV
Classification part 320.8095414
Holdings
Withdrawn status Lost status Not for loan Collection code Home library Current library Date acquired Source of acquisition Cost, normal purchase price Full call number Barcode Copy number Cost, replacement price Koha item type
    Not For Loan Non-fiction D.B.Act.Division D.B.Act.Division 06/12/2013 DBAD/PUB 125.00 320.8095414 DEV EN-92283 1 125.00 English Books

© Delhi Public Library
Hit Counter
free hit counter